Tobacco excise tax in Kenya : (Record no. 823)
[ view plain ]
| 000 -LEADER | |
|---|---|
| fixed length control field | 00855nam a22002412 4500 |
| 001 - CONTROL NUMBER | |
| control field | 0000009044 |
| 005 - DATE AND TIME OF LATEST TRANSACTION | |
| control field | 20151021151120.0 |
| 008 - FIXED-LENGTH DATA ELEMENTS--GENERAL INFORMATION | |
| fixed length control field | 080727s xx 000 0 eng d |
| 020 ## - INTERNATIONAL STANDARD BOOK NUMBER | |
| International Standard Book Number | 996694933x : |
| Terms of availability | Donation |
| 040 ## - CATALOGING SOURCE | |
| Original cataloging agency | KABU |
| Transcribing agency | KABU |
| 100 1# - MAIN ENTRY--PERSONAL NAME | |
| Personal name | Kiringai, Jane. |
| -- | 0000160710 |
| 245 10 - TITLE STATEMENT | |
| Title | Tobacco excise tax in Kenya : |
| Remainder of title | an appraisal / |
| Statement of responsibility, etc. | Jane Kiringai, Njuguna S. Ndung'u, Stephen N. Karingi. |
| 260 ## - PUBLICATION, DISTRIBUTION, ETC. (IMPRINT) | |
| Place of publication, distribution, etc. | Nairobi : |
| Name of publisher, distributor, etc. | KIPPRA, |
| Date of publication, distribution, etc. | 2002. |
| 300 ## - PHYSICAL DESCRIPTION | |
| Extent | viii, 40 p. |
| 650 #0 - SUBJECT ADDED ENTRY--TOPICAL TERM | |
| Topical term or geographic name as entry element | Tobacco |
| General subdivision | Taxation |
| Geographic subdivision | Kenya. |
| -- | 0000160804 |
| 700 1# - ADDED ENTRY--PERSONAL NAME | |
| Personal name | Ndungu, Njuguna S. |
| -- | 0000152500 |
| 700 1# - ADDED ENTRY--PERSONAL NAME | |
| Personal name | Karingi, Stephen N. |
| -- | 0000160747 |
| 908 ## - PUT COMMAND PARAMETER (RLIN) | |
| Put command parameter | 080727 |
| 950 ## - LOCAL HOLDINGS (RLIN) | |
| -- | 1 |
| Withdrawn status | Lost status | Source of classification or shelving scheme | Not for loan | Home library | Current library | Date acquired | Total Checkouts | Full call number | Barcode | Date last seen | Price effective from | Koha item type |
|---|---|---|---|---|---|---|---|---|---|---|---|---|
| Library of Congress Classification | Kabarak, Main Campus | Kabarak, Main Campus | 17/12/2015 | HD9017 .K42K57 c. 2 | 012424 | 02/08/2024 | 17/12/2015 | General Collection | ||||
| Library of Congress Classification | Kabarak, Main Campus | Kabarak, Main Campus | 17/12/2015 | HD9017 .K42K57 c. 3 | 24839 | 17/12/2015 | 17/12/2015 | General Collection | ||||
| Library of Congress Classification | Kabarak, Main Campus | Kabarak, Main Campus | 17/12/2015 | HD9017 .K42K57 c. 1 | 012425 | 17/12/2015 | 17/12/2015 | Africana Collection | ||||
| Library of Congress Classification | Kabarak, Nakuru City Campus | Kabarak, Nakuru City Campus | 21/10/2015 | HD9017 .K42K57 c. 1 | 15289 | 21/10/2015 | 21/10/2015 | General Collection | ||||
| Library of Congress Classification | Kabarak, Nakuru City Campus | Kabarak, Nakuru City Campus | 21/10/2015 | HD9017 .K42K57 c. 2 | 15290 | 21/10/2015 | 21/10/2015 | General Collection | ||||
| Library of Congress Classification | Kabarak, Nakuru City Campus | Kabarak, Nakuru City Campus | 21/10/2015 | HD9017 .K42K57 c. 3 | 24893 | 21/10/2015 | 21/10/2015 | General Collection |